[Event "XXVII Puchar Grunwaldu"]
[Site "Dadaj/Ramsowo"]
[Date "2012.09.19"]
[Round "4.2"]
[White "Mackowiak, Marek"]
[Black "Gunajew, Rafal"]
[Result "1/2-1/2"]
[WhiteElo "2160"]
[BlackElo "2269"]
[PlyCount "40"]
[EventDate "2012.09.16"]

1. c4 e5 2. Nc3 Nc6 3. g3 g6 4. Bg2 Bg7 5. Nf3 d6 6. d3 Nf6 7. O-O O-O 8. Rb1
a5 9. a3 h6 10. b4 axb4 11. axb4 Be6 12. b5 Ne7 13. Bb2 Qd7 14. Re1 Bh3 15. Bh1
Ng4 16. d4 exd4 17. Nxd4 Nf5 18. Nd5 Ne5 19. Rc1 Rae8 20. Nf4 Nxd4 1/2-1/2

[Event "XXVII Puchar Grunwaldu"]
[Site "Dadaj/Ramsowo"]
[Date "2012.09.19"]
[Round "4.3"]
[White "Gosek, Zenon"]
[Black "Suder, Ryszard"]
[Result "1/2-1/2"]
[WhiteElo "2022"]
[BlackElo "2145"]
[PlyCount "116"]
[EventDate "2012.09.16"]

1. d4 Nf6 2. c4 g6 3. Nc3 d5 4. Nf3 Bg7 5. cxd5 Nxd5 6. Qb3 Nxc3 7. bxc3 O-O 8.
e4 c5 9. Be3 Qa5 10. Bd2 Qc7 11. Be3 b6 12. Be2 Bb7 13. d5 Nd7 14. O-O Rac8 15.
Nd2 Nf6 16. Rad1 Rfe8 17. h3 Rcd8 18. Bb5 Rf8 19. Be2 Ne8 20. f4 Nd6 21. a4 c4
22. Qc2 f5 23. e5 Nf7 24. Bxc4 Bxd5 25. Bxd5 Rxd5 26. c4 Rfd8 27. Rc1 Rd3 28.
Rfe1 Bh6 29. g3 Nxe5 30. Kf2 Nf7 31. c5 bxc5 32. Re2 e5 33. Qxc5 Qxc5 34. Rxc5
exf4 35. gxf4 Bf8 36. Ra5 Bb4 37. Nc4 Bxa5 38. Nxa5 Ra3 39. Nc6 Re8 40. Nxa7
Rxa4 41. Nb5 Rb4 42. Nc7 Ree4 43. Nd5 Ra4 44. Nf6+ Kg7 45. Nxe4 Rxe4 46. Bc1
Kf6 47. Ra2 Ke6 48. Ra6+ Nd6 49. Ba3 Rxf4+ 50. Ke3 Re4+ 51. Kd3 Rh4 52. Bxd6
Rxh3+ 53. Ke2 Kd5 54. Bf4 Rh1 55. Kf3 Rg1 56. Be3 Rg4 57. Ra5+ Kc6 58. Ra6+ Kb5
1/2-1/2

[Event "XXVII Puchar Grunwaldu"]
[Site "Dadaj/Ramsowo"]
[Date "2012.09.19"]
[Round "4.4"]
[White "Hilton, Stephen H"]
[Black "Falkowski, Dawid"]
[Result "1-0"]
[WhiteElo "1912"]
[BlackElo "2020"]
[PlyCount "63"]
[EventDate "2012.09.16"]

1. d4 c5 2. d5 Nf6 3. c4 b5 4. cxb5 a6 5. bxa6 Bxa6 6. Nc3 d6 7. g3 g6 8. Bg2
Bg7 9. Nf3 Nbd7 10. Rb1 Qa5 11. Bd2 O-O 12. O-O Rfb8 13. Qc2 Bb5 14. Rfe1 Nb6
15. b3 Bd7 16. e4 Ne8 17. a4 Nc8 18. Nb5 Qb6 19. Bf1 Na7 20. a5 Qb7 21. Na3 Nb5
22. Nc4 Bg4 23. Be2 Nec7 24. Nh4 Nd4 25. Qd3 Bxe2 26. Rxe2 Nxe2+ 27. Qxe2 Nb5
28. Nb6 Ra6 29. Qxb5 Ra7 30. Qc4 Qc7 31. Rc1 Qd8 32. Ng2 1-0

[Event "XXVII Puchar Grunwaldu"]
[Site "Dadaj/Ramsowo"]
[Date "2012.09.19"]
[Round "4.5"]
[White "Krol, Mariusz"]
[Black "Dukaczewski, Piotr"]
[Result "0-1"]
[WhiteElo "2024"]
[BlackElo "2221"]
[PlyCount "72"]
[EventDate "2012.09.16"]

1. Nf3 d5 2. d4 Nf6 3. c4 e6 4. Nc3 Be7 5. Bf4 O-O 6. e3 c6 7. h3 Nbd7 8. c5
Ne8 9. b4 b6 10. Qc2 a5 11. b5 bxc5 12. bxc6 Nb8 13. Bb5 c4 14. O-O Na6 15. a3
Bd6 16. Bxd6 Qxd6 17. Rfb1 f6 18. Rb2 Nac7 19. Ba4 e5 20. Rb6 e4 21. Nd2 h5 22.
Ncxe4 dxe4 23. Nxc4 Qe7 24. Qd2 Nd5 25. Rb5 Nec7 26. Rxa5 Ba6 27. Bb3 Rfb8 28.
Qc2 Kh7 29. Nd2 Bd3 30. Qc5 Rxa5 31. Qxa5 Ra8 32. Qxa8 Nxa8 33. Bxd5 Nc7 34.
Bb3 Qd6 35. a4 Qxc6 36. Ra2 Na6 0-1

[Event "XXVII Puchar Grunwaldu"]
[Site "Dadaj/Ramsowo"]
[Date "2012.09.19"]
[Round "4.6"]
[White "Migala, Andrzej"]
[Black "Krynicki, Henryk"]
[Result "1-0"]
[WhiteElo "2078"]
[BlackElo "1716"]
[PlyCount "81"]
[EventDate "2012.09.16"]

1. e4 c5 2. Nc3 a6 3. g3 Nc6 4. Nge2 e5 5. Bg2 Nf6 6. d3 Be7 7. O-O b5 8. h3
Bb7 9. f4 d6 10. Kh2 h5 11. a4 b4 12. Nd5 Nd4 13. c3 Nxe2 14. Qxe2 Bxd5 15.
exd5 h4 16. g4 Ra7 17. c4 Kf8 18. fxe5 dxe5 19. Kg1 Qd6 20. b3 Nh7 21. Bb2 Bf6
22. Rae1 Re7 23. Rf3 Ng5 24. Re3 Rh6 25. Bxe5 Bxe5 26. Rxe5 Rxe5 27. Qxe5 Qxe5
28. Rxe5 f6 29. Re2 f5 30. gxf5 Rf6 31. d4 cxd4 32. Rd2 Rxf5 33. Rxd4 Ke7 34.
c5 Nf3+ 35. Bxf3 Rxf3 36. Rxb4 Rxh3 37. Rb7+ Kf8 38. c6 Rc3 39. c7 Ke8 40. d6
Kd7 41. Rb8 1-0

[Event "XXVII Puchar Grunwaldu"]
[Site "Dadaj/Ramsowo"]
[Date "2012.09.19"]
[Round "4.8"]
[White "Jelen, Janusz"]
[Black "Wojcieszyn, Zdzislaw"]
[Result "0-1"]
[WhiteElo "1977"]
[BlackElo "1944"]
[PlyCount "242"]
[EventDate "2012.09.16"]

1. d4 d5 2. c4 c6 3. Nc3 Nf6 4. f3 Nbd7 5. e4 dxe4 6. fxe4 e5 7. d5 Bb4 8. Bg5
h6 9. Bh4 g5 10. Bg3 Nxe4 11. Qd3 Ndc5 12. Qe3 Nxg3 13. Qxe5+ Qe7 14. Qxe7+
Kxe7 15. hxg3 Ne4 16. Nge2 Bg4 17. a3 Bxe2 18. axb4 Bxf1 19. Rxf1 Nxg3 20. Rf3
Nh5 21. O-O-O Rhe8 22. d6+ Kf8 23. Rdf1 f6 24. Rh3 Nf4 25. Rxh6 Kg7 26. Rfh1
Nxg2 27. Rh7+ Kg6 28. R1h6+ Kf5 29. Rf7 Re6 30. c5 b6 31. Rc7 Nf4 32. Rxc6 Nd3+
33. Kd2 Nxb4 34. Rc7 bxc5 35. Rxc5+ Re5 36. Rc4 a5 37. Rh7 Rd8 38. Rd4 Nc6 39.
Rd3 Ke6 40. d7 Nb8 41. Ne2 Rd5 42. Nd4+ Kd6 43. Nb5+ Kc5 44. Rxd5+ Kxd5 45. Ke3
Nxd7 46. Re7 Ne5 47. Nc3+ Kd6 48. Ra7 f5 49. Ra6+ Nc6 50. Nb5+ Kc5 51. Nc7 Rd6
52. Kf2 f4 53. Ne8 Rd2+ 54. Kf1 g4 55. Nf6 Kb5 56. Ra8 g3 57. Ne4 Rxb2 58. Rf8
g2+ 59. Kg1 a4 60. Rxf4 Rc2 61. Nd6+ Ka5 62. Nc4+ Ka6 63. Na3 Rc1+ 64. Kxg2 Ka5
65. Nc4+ Kb4 66. Nb2+ Kb3 67. Nxa4 Nb4 68. Nb6 Rc2+ 69. Kg3 Rc7 70. Kg4 Rc3 71.
Nd7 Rc4 72. Nc5+ Rxc5 73. Rf1 Nd3 74. Kf3 Kc3 75. Ra1 Rf5+ 76. Kg4 Rf4+ 77. Kg3
Rf6 78. Ra3+ Kd2 79. Kg4 Ke3 80. Kg5 Rf8 81. Kg6 Ke4 82. Ra4+ Kd5 83. Kg7 Rf1
84. Ra8 Ne5 85. Ra5+ Kd6 86. Kg8 Nd7 87. Ra2 Rg1+ 88. Kf7 Ne5+ 89. Kf6 Rf1+ 90.
Kg5 Rg1+ 91. Kf5 Rf1+ 92. Ke4 Re1+ 93. Kd4 Rd1+ 94. Ke3 Rd3+ 95. Ke4 Rh3 96.
Ra6+ Nc6 97. Ra1 Rh4+ 98. Ke3 Rh3+ 99. Kf4 Rh4+ 100. Kg5 Re4 101. Rd1+ Rd4 102.
Rf1 Ne7 103. Rf6+ Kd7 104. Ra6 Rd5+ 105. Kg4 Ke8 106. Kf3 Kf7 107. Ke4 Rd1 108.
Ra7 Re1+ 109. Kd3 Ke6 110. Ra6+ Ke5 111. Ra8 Rd1+ 112. Ke2 Rd7 113. Re8 Ra7
114. Kf3 Ra3+ 115. Kg4 Ra4+ 116. Kg5 Ke6 117. Rb8 Ra5+ 118. Kg4 Ra4+ 119. Kf3
Nd5 120. Ke2 Ra3 121. Re8+ Kd6 0-1

[Event "XXVII Puchar Grunwaldu"]
[Site "Dadaj/Ramsowo"]
[Date "2012.09.19"]
[Round "4.9"]
[White "Bzowski, Grzegorz"]
[Black "Czajkowski, Adam"]
[Result "0-1"]
[WhiteElo "1685"]
[BlackElo "1887"]
[PlyCount "68"]
[EventDate "2012.09.16"]

1. d4 Nf6 2. c4 g6 3. Nc3 Bg7 4. Bg5 d6 5. e4 Nbd7 6. Qd2 c5 7. d5 O-O 8. Bh6
a6 9. Nf3 Rb8 10. Bxg7 Kxg7 11. a4 Ne5 12. Nxe5 dxe5 13. f4 Qd6 14. g3 Re8 15.
Bd3 exf4 16. gxf4 e5 17. f5 Bd7 18. O-O-O b5 19. h4 bxc4 20. Bxc4 Rb4 21. b3 h5
22. Rdf1 Reb8 23. Rhg1 Rxb3 24. Bxb3 Rxb3 25. Rg5 c4 26. Kd1 Qa3 27. fxg6 Rxc3
28. gxf7+ Kxf7 29. Rxf6+ Kxf6 30. Qf2+ Rf3 31. Qb6+ Kf7 32. Qb7 Rd3+ 33. Kc2
Qc3+ 34. Kb1 Rd1+ 0-1

[Event "XXVII Puchar Grunwaldu"]
[Site "Dadaj/Ramsowo"]
[Date "2012.09.19"]
[Round "4.11"]
[White "Staruch, Roman"]
[Black "Wyrzykowski, Jozef"]
[Result "1-0"]
[WhiteElo "1945"]
[BlackElo "1725"]
[PlyCount "71"]
[EventDate "2012.09.16"]

1. e4 e5 2. Nf3 d6 3. Bc4 Be7 4. Nc3 Nf6 5. O-O O-O 6. d4 Nbd7 7. Bg5 h6 8. Bh4
c6 9. a4 Nh7 10. Bxe7 Qxe7 11. dxe5 Nxe5 12. Nxe5 dxe5 13. Qe2 Be6 14. Rad1
Bxc4 15. Qxc4 Rfd8 16. h3 Nf6 17. Rfe1 Rd7 18. Rxd7 Nxd7 19. Rd1 Kf8 20. Qe2
Rd8 21. Qg4 Nf6 22. Qe2 Rxd1+ 23. Qxd1 Qb4 24. Qd8+ Ne8 25. Qb8 Qxb2 26. Qxe5
Qxc2 27. Qc5+ Kg8 28. e5 Nc7 29. Qxa7 Ne6 30. Qe3 Kf8 31. Kh2 Qb3 32. Qd2 Qb4
33. Kg3 Nd4 34. Kh2 Ke7 35. Nd5+ cxd5 36. Qxb4+ 1-0

[Event "XXVII Puchar Grunwaldu"]
[Site "Dadaj/Ramsowo"]
[Date "2012.09.19"]
[Round "5.1"]
[White "Gunajew, Rafal"]
[Black "Stachanczyk, Jacek"]
[Result "1/2-1/2"]
[WhiteElo "2269"]
[BlackElo "2247"]
[PlyCount "40"]
[EventDate "2012.09.16"]

1. e4 c5 2. Nf3 Nc6 3. Nc3 g6 4. d4 cxd4 5. Nxd4 Bg7 6. Be3 d6 7. Be2 Nf6 8.
O-O O-O 9. h3 d5 10. exd5 Nxd5 11. Nxd5 Qxd5 12. Bf3 Qa5 13. Nxc6 bxc6 14. c3
Rb8 15. Qc1 Qc7 16. Rd1 a5 17. Bd4 e5 18. Bc5 Rd8 19. Rxd8+ Qxd8 20. Qd1 Be6
1/2-1/2

[Event "XXVII Puchar Grunwaldu"]
[Site "Dadaj/Ramsowo"]
[Date "2012.09.19"]
[Round "5.2"]
[White "Dukaczewski, Piotr"]
[Black "Gosek, Zenon"]
[Result "1-0"]
[WhiteElo "2221"]
[BlackElo "2022"]
[PlyCount "97"]
[EventDate "2012.09.16"]

1. d4 f5 2. c4 Nf6 3. Nc3 g6 4. Nf3 Bg7 5. g3 d6 6. Bg2 O-O 7. O-O Nc6 8. Qb3
Na5 9. Qa4 c5 10. dxc5 dxc5 11. Rd1 Qb6 12. Nd5 Nxd5 13. cxd5 Qb4 14. Qxb4 cxb4
15. Nd4 Nc4 16. b3 Nd6 17. Bg5 Re8 18. Rac1 h6 19. Bf4 Kf8 20. Bxd6 exd6 21.
Nb5 Rd8 22. Rc7 a6 23. Nd4 Re8 24. e3 Re7 25. Rdc1 Rxc7 26. Rxc7 Bxd4 27. exd4
b5 28. h4 h5 29. Kf1 a5 30. Ke2 a4 31. Ke3 axb3 32. axb3 f4+ 33. Kxf4 Bf5 34.
Be4 Bxe4 35. Kxe4 Ra3 36. Rd7 Rxb3 37. Rxd6 Ra3 38. Rb6 Ra5 39. Rxg6 b3 40. Kd3
b4 41. Rb6 Ra4 42. d6 Ke8 43. Rb7 Kd8 44. f3 Kc8 45. d7+ Kd8 46. g4 b2 47. Kc2
Ra3 48. gxh5 Rxf3 49. h6 1-0

[Event "XXVII Puchar Grunwaldu"]
[Site "Dadaj/Ramsowo"]
[Date "2012.09.19"]
[Round "5.3"]
[White "Pawelec, Bartosz"]
[Black "Hilton, Stephen H"]
[Result "1-0"]
[WhiteElo "2012"]
[BlackElo "1912"]
[PlyCount "43"]
[EventDate "2012.09.16"]

1. e4 c5 2. c3 d5 3. exd5 Qxd5 4. d4 e6 5. Na3 cxd4 6. Nb5 Qd8 7. Bf4 Na6 8.
Qa4 Bd7 9. Qxd4 Qb6 10. Qxb6 axb6 11. Be3 Bc5 12. Bxc5 bxc5 13. Nd6+ Ke7 14.
Nxb7 Bc6 15. Na5 Be8 16. Nb3 Kd6 17. Nf3 f6 18. O-O-O+ Kc7 19. a3 Ba4 20. Nfd2
Ne7 21. Re1 Kd6 22. Nc4+ 1-0

[Event "XXVII Puchar Grunwaldu"]
[Site "Dadaj/Ramsowo"]
[Date "2012.09.19"]
[Round "5.5"]
[White "Suder, Ryszard"]
[Black "Migala, Andrzej"]
[Result "1/2-1/2"]
[WhiteElo "2145"]
[BlackElo "2078"]
[PlyCount "41"]
[EventDate "2012.09.16"]

1. Nf3 Nf6 2. d4 d5 3. c4 c6 4. Nc3 a6 5. cxd5 cxd5 6. Bf4 Nc6 7. e3 e6 8. Bd3
Be7 9. O-O O-O 10. Rc1 Bd7 11. h3 b5 12. Ne5 Rc8 13. g4 Nxe5 14. Bxe5 Bc6 15.
Bb1 g6 16. Ne2 Bb7 17. Rxc8 Qxc8 18. Qd3 Qd7 19. Rc1 Rc8 20. Rxc8+ Qxc8 21. Qc2
1/2-1/2

[Event "XXVII Puchar Grunwaldu"]
[Site "Dadaj/Ramsowo"]
[Date "2012.09.19"]
[Round "5.7"]
[White "Czajkowski, Adam"]
[Black "Traczyk, Tadeusz"]
[Result "1/2-1/2"]
[WhiteElo "1887"]
[BlackElo "1875"]
[PlyCount "57"]
[EventDate "2012.09.16"]

1. e4 c5 2. Nf3 Nc6 3. Bb5 e6 4. O-O Nge7 5. c3 a6 6. Ba4 b5 7. Bc2 e5 8. d4
exd4 9. cxd4 cxd4 10. Nxd4 Nxd4 11. Qxd4 Nc6 12. Qe3 g6 13. Qc3 f6 14. Bf4 Bb4
15. Qg3 O-O 16. Nc3 Nd4 17. Bd1 Bxc3 18. Qxc3 Ne6 19. Bd6 Re8 20. e5 Qb6 21.
Bb3 Bb7 22. Rad1 f5 23. Qg3 Kg7 24. Bb4 Bc6 25. Qh4 Qd8 26. Qg3 Qg5 27. Rd6
Qxg3 28. hxg3 a5 29. Bxe6 1/2-1/2

[Event "XXVII Puchar Grunwaldu"]
[Site "Dadaj/Ramsowo"]
[Date "2012.09.19"]
[Round "5.8"]
[White "Krynicki, Henryk"]
[Black "Krol, Mariusz"]
[Result "1-0"]
[WhiteElo "1716"]
[BlackElo "2024"]
[PlyCount "78"]
[EventDate "2012.09.16"]

1. e4 c6 2. Nc3 d5 3. Qf3 d4 4. Bc4 e6 5. Nd1 Bd6 6. d3 Nd7 7. Bf4 Qc7 8. Bxd6
Qxd6 9. Qg3 Qxg3 10. hxg3 Ne5 11. Bb3 Ne7 12. Nf3 Nxf3+ 13. gxf3 e5 14. c3 c5
15. Ba4+ Nc6 16. c4 Bd7 17. Bxc6 Bxc6 18. a4 O-O 19. b3 a6 20. Nb2 Rfb8 21. Kd2
a5 22. g4 g6 23. Rag1 f6 24. Rh6 Kg7 25. Rgh1 Rh8 26. R1h2 Be8 27. Nd1 g5 28.
R6h3 Bg6 29. Rh6 Rhe8 30. R6h3 Re6 31. f4 exf4 32. f3 Rb6 33. Kc1 Rxb3 34. Rb2
Rb4 35. Rhh2 Be8 36. Rxb4 axb4 37. Ra2 Rxa4 38. Rxa4 Bxa4 39. Nf2 Bc6 1-0

[Event "XXVII Puchar Grunwaldu"]
[Site "Dadaj/Ramsowo"]
[Date "2012.09.19"]
[Round "5.9"]
[White "Dziobek, Jerzy"]
[Black "Staruch, Roman"]
[Result "1/2-1/2"]
[WhiteElo "1752"]
[BlackElo "1945"]
[PlyCount "85"]
[EventDate "2012.09.16"]

1. d4 Nf6 2. Nf3 e6 3. c3 c5 4. e3 Nc6 5. Nbd2 d5 6. Bd3 c4 7. Bc2 b5 8. a3 a5
9. O-O Be7 10. e4 dxe4 11. Nxe4 Bb7 12. Re1 O-O 13. Re3 Nd5 14. Re1 b4 15. axb4
axb4 16. Rxa8 Qxa8 17. Bd2 Qa2 18. Neg5 h6 19. Nh7 Ra8 20. Ne5 Nf6 21. Nxf6+
Bxf6 22. Nd7 Be7 23. Bxh6 Nxd4 24. Qxd4 gxh6 25. Qg4+ Kh8 26. Ne5 Rf8 27. Ng6+
fxg6 28. Qxg6 Rf5 29. Qxh6+ Kg8 30. Bxf5 exf5 31. Qe6+ Kh8 32. Qxe7 Be4 33.
Qf6+ Kg8 34. cxb4 Kh7 35. f3 Qa7+ 36. Kh1 Qf2 37. Ra1 Bxf3 38. Qxf5+ Kg7 39.
Qg5+ Kf7 40. Qf5+ Kg7 41. Qg5+ Kf7 42. Qf5+ Kg7 43. Qxf3 1/2-1/2

[Event "XXVII Puchar Grunwaldu"]
[Site "Dadaj/Ramsowo"]
[Date "2012.09.19"]
[Round "5.10"]
[White "Poswiatowski, Stanislaw"]
[Black "Jelen, Janusz"]
[Result "1-0"]
[WhiteElo "1700"]
[BlackElo "1977"]
[PlyCount "107"]
[EventDate "2012.09.16"]

1. d4 d5 2. Nf3 Nf6 3. c4 c6 4. cxd5 cxd5 5. Nc3 a6 6. Bf4 Nc6 7. e3 e6 8. Bd3
Bd6 9. Bg5 h6 10. Bh4 Bd7 11. O-O O-O 12. Rc1 Be7 13. Bb1 Rc8 14. Qd3 g6 15.
Bg3 Kh7 16. Ne5 Nxe5 17. Bxe5 Ng8 18. Rfe1 Qe8 19. Qe2 b5 20. Qf3 f6 21. Bg3
Qf7 22. Ne2 Kg7 23. Nf4 f5 24. Nd3 Rxc1 25. Rxc1 Rc8 26. Qd1 Qe8 27. Nc5 Bxc5
28. dxc5 Bc6 29. Qd4+ Kf7 30. Qh8 Qf8 31. Be5 Ke8 32. Bg7 Qf7 33. Bxh6 Kd7 34.
Bf4 Nf6 35. Qh4 Rg8 36. Bd6 g5 37. Qb4 Qe8 38. Qa5 Qc8 39. Qb6 Qb7 40. Qa5 f4
41. Qc3 Ne8 42. Qe5 fxe3 43. fxe3 Qc8 44. Rf1 Bb7 45. Rf7+ Kc6 46. Re7 Qa8 47.
Qxe6 Qc8 48. Qxg8 Nxd6 49. Qxc8+ Nxc8 50. Rg7 Ba8 51. b4 a5 52. a3 Bb7 53. Bf5
axb4 54. axb4 1-0

[Event "XXVII Puchar Grunwaldu"]
[Site "Dadaj/Ramsowo"]
[Date "2012.09.20"]
[Round "6.1"]
[White "Stachanczyk, Jacek"]
[Black "Dukaczewski, Piotr"]
[Result "0-1"]
[WhiteElo "2247"]
[BlackElo "2221"]
[PlyCount "69"]
[EventDate "2012.09.16"]

1. e4 e5 2. Nf3 Nc6 3. Bb5 a6 4. Bxc6 dxc6 5. O-O Bd6 6. d4 exd4 7. Qxd4 f6 8.
Be3 Be6 9. Qc3 Qe7 10. Nbd2 O-O-O 11. a3 Bg4 12. Nd4 g5 13. f3 Qe5 14. g3 Bh3
15. Nc4 Qe8 16. Rfd1 Ne7 17. Rd2 Ng6 18. Rad1 Be5 19. Qb4 Qf8 20. Qa5 Qf7 21.
Qc5 Bd6 22. Nxd6+ cxd6 23. Qa7 Ne5 24. Kf2 c5 25. Ne2 Kc7 26. Bxc5 dxc5 27.
Qxc5+ Nc6 28. Rxd8 Rxd8 29. Rxd8 Kxd8 30. g4 h5 31. Qd6+ Kc8 32. Nc3 Qc4 33.
Qxf6 Qf1+ 34. Ke3 Qc1+ 35. Kf2 0-1

[Event "XXVII Puchar Grunwaldu"]
[Site "Dadaj/Ramsowo"]
[Date "2012.09.20"]
[Round "6.2"]
[White "Pawelec, Bartosz"]
[Black "Gunajew, Rafal"]
[Result "0-1"]
[WhiteElo "2012"]
[BlackElo "2269"]
[PlyCount "42"]
[EventDate "2012.09.16"]

1. e4 c5 2. c3 d5 3. exd5 Qxd5 4. d4 Nf6 5. Nf3 Bg4 6. Be2 e6 7. Be3 cxd4 8.
cxd4 Nc6 9. Nc3 Qd6 10. O-O Be7 11. Qd2 O-O 12. h3 Bh5 13. Rad1 Nb4 14. g4 Bg6
15. Ne5 Ne4 16. Nxe4 Bxe4 17. a3 Nd5 18. Nc4 Qd8 19. Ne5 Rc8 20. Rc1 Nxe3 21.
Rxc8 Nxf1 0-1

[Event "XXVII Puchar Grunwaldu"]
[Site "Dadaj/Ramsowo"]
[Date "2012.09.20"]
[Round "6.3"]
[White "Mackowiak, Marek"]
[Black "Migala, Andrzej"]
[Result "1/2-1/2"]
[WhiteElo "2160"]
[BlackElo "2078"]
[PlyCount "74"]
[EventDate "2012.09.16"]

1. d4 d5 2. c4 c6 3. Nc3 Nf6 4. Nf3 a6 5. c5 Nbd7 6. Bf4 Nh5 7. Bd2 Nhf6 8. Rc1
g6 9. h3 Bg7 10. g3 O-O 11. Bg2 Re8 12. O-O Ne4 13. Bf4 Nxc3 14. Rxc3 e5 15.
Nxe5 Nxe5 16. Bxe5 Bxe5 17. dxe5 Rxe5 18. e4 d4 19. Rd3 Qa5 20. Rxd4 Re8 21.
Qc1 Qxa2 22. f4 f5 23. e5 Be6 24. Rfd1 Qa5 25. Rd6 Qa2 26. R1d4 a5 27. Bf1 Bd5
28. R4xd5 cxd5 29. Bg2 Qa4 30. Bxd5+ Kg7 31. Bxb7 Rab8 32. c6 Qb3 33. Rd7+ Kg8
34. Kh2 a4 35. Qd2 Qb5 36. Qc3 a3 37. bxa3 Rxb7 38. Rxb7 Qe2+ 39. Kg1 Rd8
1/2-1/2

[Event "XXVII Puchar Grunwaldu"]
[Site "Dadaj/Ramsowo"]
[Date "2012.09.20"]
[Round "6.4"]
[White "Hilton, Stephen H"]
[Black "Suder, Ryszard"]
[Result "0-1"]
[WhiteElo "1912"]
[BlackElo "2145"]
[PlyCount "74"]
[EventDate "2012.09.16"]

1. Nf3 Nf6 2. c4 g6 3. b4 Bg7 4. Bb2 O-O 5. g3 c6 6. Bg2 Qb6 7. Qb3 a5 8. a3
axb4 9. axb4 Rxa1 10. Bxa1 Na6 11. Bc3 Ne4 12. O-O Nxc3 13. dxc3 d6 14. Rd1 Nc5
15. Qa3 Ne4 16. Nd4 Nf6 17. Nb3 Be6 18. c5 Qc7 19. cxd6 exd6 20. N1d2 Re8 21.
Nd4 Bd7 22. e3 Ng4 23. c4 h5 24. N2f3 Ne5 25. Nxe5 dxe5 26. Nb3 Be6 27. Rc1 Rd8
28. Bf1 Bf8 29. Nc5 Bc8 30. Ne4 Be7 31. h4 Bf5 32. Bg2 Be6 33. Bf1 Bg4 34. Qb3
Kg7 35. c5 Qd7 36. Bc4 Bf3 37. Nc3 Qh3 0-1

[Event "XXVII Puchar Grunwaldu"]
[Site "Dadaj/Ramsowo"]
[Date "2012.09.20"]
[Round "6.5"]
[White "Gosek, Zenon"]
[Black "Falkowski, Dawid"]
[Result "0-1"]
[WhiteElo "2022"]
[BlackElo "2020"]
[PlyCount "63"]
[EventDate "2012.09.16"]

1. Nf3 Nf6 2. g3 d5 3. Bg2 c5 4. d4 cxd4 5. Nxd4 e5 6. Nf3 Nc6 7. O-O Bf5 8. c3
Qb6 9. a4 a5 10. Nbd2 Rd8 11. Nh4 Be6 12. Qc2 e4 13. Nb3 Be7 14. Be3 Qc7 15. f3
d4 16. cxd4 Qb6 17. Nc5 g5 18. Nxe6 fxe6 19. Bxg5 Nxd4 20. Be3 Nd5 21. Bxd4
Qxd4+ 22. Kh1 Ne3 23. Qb3 Nxf1 24. Rxf1 Bxh4 25. Qb5+ Ke7 26. gxh4 Qd5 27. Qxd5
Rxd5 28. fxe4 Rd2 29. Rb1 Rhd8 30. Bf1 Rd1 31. Rxd1 Rxd1 32. Kg2 0-1

[Event "XXVII Puchar Grunwaldu"]
[Site "Dadaj/Ramsowo"]
[Date "2012.09.20"]
[Round "6.7"]
[White "Traczyk, Tadeusz"]
[Black "Wojcieszyn, Zdzislaw"]
[Result "0-1"]
[WhiteElo "1875"]
[BlackElo "1944"]
[PlyCount "38"]
[EventDate "2012.09.16"]

1. e4 c5 2. Nf3 e6 3. Nc3 Nc6 4. a3 Nf6 5. Bc4 d5 6. exd5 exd5 7. Qe2+ Be7 8.
Bb5 O-O 9. O-O Bg4 10. h3 Bh5 11. d3 Re8 12. Qd1 Rb8 13. Nb1 Bd6 14. Nbd2 h6
15. c3 Nd7 16. Re1 Rxe1+ 17. Qxe1 Qf6 18. d4 c4 19. Qd1 19... Nb6 0-1

[Event "XXVII Puchar Grunwaldu"]
[Site "Dadaj/Ramsowo"]
[Date "2012.09.20"]
[Round "6.8"]
[White "Staruch, Roman"]
[Black "Czajkowski, Adam"]
[Result "0-1"]
[WhiteElo "1945"]
[BlackElo "1887"]
[PlyCount "32"]
[EventDate "2012.09.16"]

1. e4 c5 2. Nf3 e6 3. c3 Nf6 4. e5 Nd5 5. Bc4 Nb6 6. Bb3 c4 7. Bc2 Nc6 8. O-O
g5 9. Be4 g4 10. Bxc6 dxc6 11. Nd4 Rg8 12. b3 Qd5 13. Qe2 Bc5 14. bxc4 Nxc4 15.
Nb3 g3 16. Qf3 Qxf3 0-1

[Event "XXVII Puchar Grunwaldu"]
[Site "Dadaj/Ramsowo"]
[Date "2012.09.20"]
[Round "6.9"]
[White "Poswiatowski, Stanislaw"]
[Black "Dziobek, Jerzy"]
[Result "1-0"]
[WhiteElo "1700"]
[BlackElo "1752"]
[PlyCount "65"]
[EventDate "2012.09.16"]

1. d4 d5 2. Nf3 Nf6 3. c4 e6 4. cxd5 exd5 5. Nc3 c6 6. Qc2 Nbd7 7. Bg5 h6 8.
Bf4 Be7 9. e3 O-O 10. Bd3 a6 11. O-O b5 12. Rac1 Bb7 13. Ne5 c5 14. Nxd7 Nxd7
15. dxc5 Nxc5 16. Be2 Ne6 17. Be5 Rc8 18. Qf5 Bd6 19. Bxd6 Qxd6 20. Bf3 Nc7 21.
Rfd1 Qe6 22. Qf4 g5 23. Qg3 f5 24. h3 Rf7 25. Rc2 Rcf8 26. Ne2 Qg6 27. Rxc7
Rxc7 28. Qxc7 Ba8 29. Bxd5+ Bxd5 30. Rxd5 g4 31. hxg4 fxg4 32. Nf4 Qf6 33. Rd6
1-0

[Event "XXVII Puchar Grunwaldu"]
[Site "Dadaj/Ramsowo"]
[Date "2012.09.20"]
[Round "6.11"]
[White "Bzowski, Grzegorz"]
[Black "Krynicki, Henryk"]
[Result "0-1"]
[WhiteElo "1685"]
[BlackElo "1716"]
[PlyCount "62"]
[EventDate "2012.09.16"]

1. d4 Nf6 2. c4 c5 3. d5 b5 4. e3 bxc4 5. Bxc4 d6 6. Ne2 g6 7. Nbc3 Bg7 8. O-O
O-O 9. b3 Nbd7 10. Rb1 Nb6 11. Bd3 Nbxd5 12. Nxd5 Nxd5 13. Be4 e6 14. Bxd5 exd5
15. Qxd5 Be6 16. Qd2 Bf5 17. Rb2 d5 18. Ng3 Bxb2 19. Bxb2 Be6 20. Rd1 Rc8 21.
Qc3 d4 22. exd4 Qd5 23. Qe3 f6 24. Ne4 Qf5 25. Nc3 c4 26. b4 Rfe8 27. Nb5 Qxb5
28. Bc3 Bg4 29. Qf4 Bxd1 30. Qxf6 Qf5 31. Qh4 Qe4 0-1

[Event "XXVII Puchar Grunwaldu"]
[Site "Dadaj/Ramsowo"]
[Date "2012.09.21"]
[Round "7.1"]
[White "Dukaczewski, Piotr"]
[Black "Gunajew, Rafal"]
[Result "1-0"]
[WhiteElo "2221"]
[BlackElo "2269"]
[PlyCount "59"]
[EventDate "2012.09.16"]

1. e4 c5 2. Nf3 d6 3. d4 cxd4 4. Qxd4 Nf6 5. Nc3 Nc6 6. Bb5 e5 7. Qd3 h6 8. Be3
a6 9. Ba4 Be6 10. O-O-O Qa5 11. a3 b5 12. Bb3 Bxb3 13. cxb3 Be7 14. b4 Qc7 15.
Kb1 O-O 16. h3 Rfb8 17. Rc1 Qb7 18. Nd5 Nxd5 19. exd5 Nd8 20. g4 Rc8 21. Rcd1
a5 22. Bd2 a4 23. Bc3 Rc4 24. Nd2 Rc7 25. h4 f6 26. Ne4 Nf7 27. Ng3 Rc4 28. f3
Rac8 29. Nh5 Bd8 30. Rh2 1-0

[Event "XXVII Puchar Grunwaldu"]
[Site "Dadaj/Ramsowo"]
[Date "2012.09.21"]
[Round "7.2"]
[White "Falkowski, Dawid"]
[Black "Stachanczyk, Jacek"]
[Result "0-1"]
[WhiteElo "2020"]
[BlackElo "2247"]
[PlyCount "44"]
[EventDate "2012.09.16"]

1. e4 c5 2. Nf3 Nc6 3. d4 cxd4 4. Nxd4 g6 5. Nc3 Bg7 6. Be3 d6 7. Qd2 Nf6 8. f3
O-O 9. Be2 d5 10. Nxc6 bxc6 11. e5 Nd7 12. f4 e6 13. Na4 Qe7 14. Qc3 f6 15.
Qxc6 Rb8 16. Nc5 Rb6 17. Qc7 fxe5 18. Nxd7 d4 19. Bf2 Bxd7 20. fxe5 Rc6 21. Qa5
Rxc2 22. Bf3 Bc6 0-1

[Event "XXVII Puchar Grunwaldu"]
[Site "Dadaj/Ramsowo"]
[Date "2012.09.21"]
[Round "7.3"]
[White "Suder, Ryszard"]
[Black "Mackowiak, Marek"]
[Result "1/2-1/2"]
[WhiteElo "2145"]
[BlackElo "2160"]
[PlyCount "40"]
[EventDate "2012.09.16"]

1. Nf3 d5 2. d4 Nf6 3. c4 c6 4. Nc3 e6 5. e3 Be7 6. Qc2 O-O 7. b3 c5 8. cxd5
cxd4 9. Nxd4 Nxd5 10. Bc4 Nxc3 11. Qxc3 Bf6 12. Bb2 Nc6 13. Qd2 a6 14. Rd1 Nxd4
15. Bxd4 b5 16. Be2 Bb7 17. O-O Rc8 18. Qb2 Bxd4 19. Rxd4 Qf6 20. Rfd1 Rcd8
1/2-1/2

[Event "XXVII Puchar Grunwaldu"]
[Site "Dadaj/Ramsowo"]
[Date "2012.09.21"]
[Round "7.4"]
[White "Krol, Mariusz"]
[Black "Pawelec, Bartosz"]
[Result "0-1"]
[WhiteElo "2024"]
[BlackElo "2012"]
[PlyCount "90"]
[EventDate "2012.09.16"]

1. Nf3 Nf6 2. d4 d5 3. c4 dxc4 4. Nc3 e6 5. Bg5 Nbd7 6. e3 c5 7. Bxc4 Be7 8.
O-O O-O 9. Rc1 Nb6 10. Bd3 cxd4 11. Nxd4 h6 12. Bh4 Nfd5 13. Bxe7 Qxe7 14. Bb1
Qg5 15. Qd3 f5 16. Nf3 Qf6 17. Nxd5 Nxd5 18. Qd4 Qxd4 19. Nxd4 Bd7 20. e4 fxe4
21. Bxe4 Rac8 22. Rfd1 Kf7 23. g3 Rxc1 24. Rxc1 Rb8 25. a3 Ke7 26. f4 Kd6 27.
Nf3 Rc8 28. Rxc8 Bxc8 29. Ne5 Kc5 30. Kf2 Kd4 31. Bd3 Ne3 32. Ke2 Nd5 33. Nf7
Bd7 34. Nd6 b6 35. Nb5+ Kc5 36. b4+ Kc6 37. Nxa7+ Kb7 38. Nb5 Bxb5 39. Kd2 Bxd3
40. Kxd3 Kc6 41. Kd4 b5 42. h4 h5 43. Ke4 Kd6 44. Kd4 g6 45. Ke4 Nb6 0-1